<?xml version="1.0" encoding="UTF-8"?>
<record
    xmlns:xsi="http://www.w3.org/2001/XMLSchema-instance"
    xsi:schemaLocation="http://www.loc.gov/MARC21/slim http://www.loc.gov/standards/marcxml/schema/MARC21slim.xsd"
    xmlns="http://www.loc.gov/MARC21/slim">

  <leader>00620nam a2200145Ia 4500</leader>
  <controlfield tag="008">120626s9999    xx            000 0 und d</controlfield>
  <datafield tag="020" ind1=" " ind2=" ">
    <subfield code="a">968-5948-80-1 978-968-5948-80-7</subfield>
  </datafield>
  <datafield tag="050" ind1=" " ind2=" ">
    <subfield code="a">KGF5875 O76 2009</subfield>
  </datafield>
  <datafield tag="100" ind1=" " ind2=" ">
    <subfield code="a">ORONOZ SANTANA, Carlos Mateo</subfield>
  </datafield>
  <datafield tag="245" ind1=" " ind2=" ">
    <subfield code="a">El juicio oral en M&#xE8;xico y en iberoamerica</subfield>
  </datafield>
  <datafield tag="260" ind1=" " ind2=" ">
    <subfield code="a">M&#xE9;xico :</subfield>
  </datafield>
  <datafield tag="300" ind1=" " ind2=" ">
    <subfield code="a">439 pag</subfield>
  </datafield>
  <datafield tag="500" ind1=" " ind2=" ">
    <subfield code="a">Incluye: &#xEC;ndice alfabetico Proceso penal modelo para iberoamerica evolucion del juicio oral  Los participantes en el proceso penal</subfield>
  </datafield>
  <datafield tag="650" ind1=" " ind2=" ">
    <subfield code="a">LITIGIOS ORALES - MEXICO LITIGIOS ORALES AM&#xC8;RICA, PROCEDIEMIENTO PENAL M&#xC8;XICO, PROCEDIMEINTO PENAL AM&#xC8;RICA&#xCC;</subfield>
  </datafield>
  <datafield tag="952" ind1=" " ind2=" ">
    <subfield code="0">0</subfield>
    <subfield code="1">0</subfield>
    <subfield code="4">0</subfield>
    <subfield code="7">0</subfield>
    <subfield code="a">18</subfield>
    <subfield code="b">18</subfield>
    <subfield code="d">2011-09-05</subfield>
    <subfield code="l">0</subfield>
    <subfield code="o">KGF5875 O76 2009</subfield>
    <subfield code="p">18 001431</subfield>
    <subfield code="r">2024-01-29</subfield>
    <subfield code="t">1</subfield>
    <subfield code="w">2012-06-26</subfield>
    <subfield code="y">LB</subfield>
  </datafield>
  <datafield tag="999" ind1=" " ind2=" ">
    <subfield code="c">74579</subfield>
    <subfield code="d">74579</subfield>
  </datafield>
</record>
